Statistics for United States Congress: Senate

Click here to take the quiz!

General Stats

  • This quiz has been taken 435 times
    (76 since last reset)
  • The average score is 53 of 100

Answer Stats

StatePolitical PartySenator% Correct
VermontIndependentBernie Sanders
88%
New YorkDemocraticChuck Schumer
88%
KentuckyRepublicanMitch McConnell
88%
West VirginiaDemocraticJoe Manchin
85%
ArizonaIndependentKyrsten Sinema
85%
FloridaRepublicanMarco Rubio
85%
TexasRepublicanTed Cruz
85%
KentuckyRepublicanRand Paul
81%
AlaskaRepublicanLisa Murkowski
77%
UtahRepublicanMitt Romney
77%
GeorgiaDemocraticRaphael Warnock
77%
MassachusettsDemocraticElizabeth Warren
73%
GeorgiaDemocraticJon Ossoff
73%
FloridaRepublicanRick Scott
73%
AlabamaRepublicanTommy Tuberville
73%
New JerseyDemocraticCory Booker
69%
OhioRepublicanJ. D. Vance
69%
MontanaDemocraticJon Tester
69%
ArizonaDemocraticMark Kelly
69%
South CarolinaRepublicanTim Scott
69%
PennsylvaniaDemocraticJohn Fetterman
65%
LouisianaRepublicanJohn Kennedy
65%
MissouriRepublicanJosh Hawley
65%
WisconsinRepublicanRon Johnson
65%
MaineRepublicanSusan Collins
65%
IllinoisDemocraticTammy Duckworth
65%
MaineIndependentAngus King
62%
New JerseyDemocraticBob Menendez
62%
NevadaDemocraticCatherine Cortez Masto
62%
OhioDemocraticSherrod Brown
62%
WisconsinDemocraticTammy Baldwin
62%
VirginiaDemocraticTim Kaine
62%
CaliforniaDemocraticAlex Padilla
58%
DelawareDemocraticChris Coons
58%
IowaRepublicanChuck Grassley
58%
ColoradoDemocraticJohn Hickenlooper
58%
New YorkDemocraticKirsten Gillibrand
58%
South CarolinaRepublicanLindsey Graham
58%
HawaiiDemocraticMazie Hirono
58%
UtahRepublicanMike Lee
58%
ArkansasRepublicanTom Cotton
58%
MinnesotaDemocraticAmy Klobuchar
54%
MississippiRepublicanCindy Hyde-Smith
54%
AlaskaRepublicanDan Sullivan
54%
AlabamaRepublicanKatie Britt
54%
OklahomaRepublicanMarkwayne Mullin
54%
ColoradoDemocraticMichael Bennet
54%
ConnecticutDemocraticChris Murphy
50%
South DakotaRepublicanJohn Thune
50%
IowaRepublicanJoni Ernst
50%
TennesseeRepublicanMarsha Blackburn
50%
IndianaRepublicanMike Braun
50%
PennsylvaniaDemocraticBob Casey Jr.
46%
HawaiiDemocraticBrian Schatz
46%
MichiganDemocraticDebbie Stabenow
46%
IllinoisDemocraticDick Durbin
46%
MichiganDemocraticGary Peters
46%
New HampshireDemocraticJeanne Shaheen
46%
ArkansasRepublicanJohn Boozman
46%
TexasRepublicanJohn Cornyn
46%
New HampshireDemocraticMaggie Hassan
46%
WashingtonDemocraticPatty Murray
46%
ConnecticutDemocraticRichard Blumenthal
46%
Rhode IslandDemocraticSheldon Whitehouse
46%
MontanaRepublicanSteve Daines
46%
North CarolinaRepublicanThom Tillis
46%
MinnesotaDemocraticTina Smith
46%
MarylandDemocraticBen Cardin
42%
New MexicoDemocraticBen Ray Luján
42%
MassachusettsDemocraticEd Markey
42%
NevadaDemocraticJacky Rosen
42%
North DakotaRepublicanJohn Hoeven
42%
VirginiaDemocraticMark Warner
42%
IdahoRepublicanMike Crapo
42%
West VirginiaRepublicanShelley Moore Capito
42%
OklahomaRepublicanJames Lankford
38%
WashingtonDemocraticMaria Cantwell
38%
New MexicoDemocraticMartin Heinrich
38%
NebraskaRepublicanPete Ricketts
38%
LouisianaRepublicanBill Cassidy
35%
MarylandDemocraticChris Van Hollen
35%
WyomingRepublicanCynthia Lummis
35%
Rhode IslandDemocraticJack Reed
35%
IdahoRepublicanJim Risch
35%
WyomingRepublicanJohn Barrasso
35%
VermontDemocraticPeter Welch
35%
MississippiRepublicanRoger Wicker
35%
IndianaRepublicanTodd Young
35%
NebraskaRepublicanDeb Fischer
31%
OregonDemocraticJeff Merkley
31%
KansasRepublicanJerry Moran
31%
North DakotaRepublicanKevin Cramer
31%
CaliforniaDemocraticLaphonza Butler
31%
South DakotaRepublicanMike Rounds
31%
OregonDemocraticRon Wyden
31%
DelawareDemocraticTom Carper
31%
TennesseeRepublicanBill Hagerty
27%
MissouriRepublicanEric Schmitt
27%
North CarolinaRepublicanTed Budd
27%
KansasRepublicanRoger Marshall
23%

Score Distribution

Percentile by Number Answered

Percent of People with Each Score

Your Score History

You have not taken this quiz since the last reset